Statistics for What companies are prominent in these categories (Electronics)

Click here to take the quiz!

General Stats

  • This quiz has been taken 18 times
  • The average score is 7 of 29

Answer Stats

HintAnswer% Correct
Social MediaFacebook
88%
ConsolesPlayStation
81%
ComputersDell
75%
Social MediaTwitter
69%
ConsolesXbox
69%
GamesNintendo
63%
ConsolesNintendo
63%
Video SharingYouTube
50%
ComputersHP
38%
VROculus
31%
GamesOculus
31%
ConsolesAtari
13%
ComputersIBM
13%
GamesSteam
13%
Video SharingVimeo
13%
Web GamesCoolmath Games
6%
AIOpenAI
6%
VRVive
6%
Educational VideosClickView
0%
ConsolesColeco
0%
ComputersCommodore
0%
ComputersGigabyte
0%
Web Gamesitch.io
0%
Educational VideosKhan Achademy
0%
Web GamesNewgrounds
0%
Social MediaReddit
0%
ComputersTandy
0%
Physical StorageVerbatim
0%
Physical StorageWestern Digital
0%

Score Distribution

Percentile by Number Answered

Percent of People with Each Score

Your Score History

You have not taken this quiz